| 000 | 00626cam a22002051 4500 | ||
|---|---|---|---|
| 001 | ca 30000353 | ||
| 003 | DLC | ||
| 005 | 20260227111122.0 | ||
| 008 | 930119s1928 pl a 000 0 pol | ||
| 010 | _aca 30000353 | ||
| 035 | _a(OCoLC)27292128 | ||
| 040 |
_aDLC _cCU _dDLC |
||
| 042 | _apremarc | ||
| 050 | 0 | 0 |
_aHC337.P7 _bB35 |
| 100 | 1 | _aBartel, Kazimierz. | |
| 245 | 1 | 0 | _aWykresy charakteryzujące rozwój życia gospodarczego Polski w latach 1924-1927 włącznie. |
| 260 |
_aWarszawa, _bPrezydjum rady ministrów, _c1928. |
||
| 300 |
_a4 p.l., _b28 diagr. _c30 cm. |
||
| 651 | 0 |
_aPoland _xEconomic conditions _y1918-1945. |
|
| 999 |
_c16621 _d16621 |
||